000 00394nam a2200133Ia 4500
008 211109s9999||||xx |||||||||||||| ||und||
082 _a894.8123
_bINN-N
100 _aInnocent,
245 0 _aNjan Ennasent
260 _bCurrent Book House
_aKottayam No 2835
_c1900
630 _xGENERAL STACK
650 _aMalayalam Literature
_vMalayalam Fiction
_xMalayalam NovelsShort Stories
942 _cBOOK
999 _c46477
_d46477